| 000 | 00508nam a2200181Ia 4500 | ||
|---|---|---|---|
| 008 | 240925s9999 xx 000 0 und d | ||
| 020 | _a201565331 | ||
| 082 | _a004.65 SCH | ||
| 100 | _aSchafer, Werner | ||
| 245 | 0 | _aSystem Network Architecture | |
| 250 | _aNA | ||
| 260 |
_aWokingham: _bAddison-Wily Publishing Company _c,1992. |
||
| 300 |
_aviii,222p. _bNA _fOriginal |
||
| 500 | _aIncludes Index | ||
| 600 | _aComputer Science | ||
| 650 | _aComputer science, information & general works | ||
| 942 | _cBK | ||
| 999 |
_c6010 _d6010 |
||